Missing Word: Sorcerer's Stone Chapters Quiz Stats

 Plays Quiz not verified by Sporcle

Challenge
Share
Tweet
Embed
Score 0/14 Timer 03:00
0 Plays Today
Chapter Title Answer % Correct
The _____ Who LivedBoy
97.1%
The Man with _____ FacesTwo
95.7%
Diagon _____Alley
94.2%
_____ the Norwegian RidgebackNorbert
92.8%
Keeper of the _____Keys
91.3%
The _____ HatSorting
91.3%
The _____ of ErisedMirror
91.3%
Chapter Title Answer % Correct
_____ FlamelNicolas
91.3%
The Forbidden _____Forest
89.9%
_____ the Trap-DoorThrough
88.4%
_____ from No OneLetters
85.5%
The _____ MasterPotions
84.1%
The Midnight _____Duel
82.6%
The Vanishing _____Glass
81.2%

You're not logged in!

Compare scores with friends on all Sporcle quizzes.
OR
Log In

You Might Also Like...

Show Comments

Extras

Top Quizzes Today


Score Distribution

Your Account Isn't Verified!

In order to create a playlist on Sporcle, you need to verify the email address you used during registration. Go to your Sporcle Settings to finish the process.

Report this User

Report this user for behavior that violates our Community Guidelines.

Details: